000 00562nam a2200205 4500
003 OSt
005 20240705020918.0
006 a
008 240705b |||||||| |||| 00| 0 eng d
020 _a9789716100945
040 _aDWCL-Main lib.
_cOC
082 _2New edition
_aGR. 428 D554 2009
245 _aDictionary of Idioms /
250 _aNew edition
260 _aQuezon City:
_bISA-JECHO Pub., Inc.,
_cc2009.
300 _b238 p.;
_c21 cm.
650 _a1. English language-Idioms.
700 _aCascelie de Vera
942 _2ddc
_n0
_cGR
_eNew edition
_kGR.
999 _c1993
_d1993